競馬名実況クイズ - Statistics

General Stats
  • This quiz has been taken 299 times
  • The average score is 7 of 10
Answer Stats
Question Answer % Correct
[  ]だ![  ]だ![  ]!奇跡の復活!!! トウカイテイオー
94%
世界のホースマンよ見てくれ!これが[  ]だ!ディープインパクト! 日本近代競馬の結晶
90%
外から[  ]の馬体が来たぞー!日本のオルフェーヴルだー!!! 栗毛
87%
武豊の思いが、[  ]に伝わった![  ]逆襲の末脚!!! ドウデュース
83%
高低差[  ]mの坂!試練の坂!その向こうに何が見える? 200
72%
From the Japanese superstar, [  ]!! Cesario
71%
内でアーモンドアイ!苦しい![  ]、リスグラシュー! 捉えきった、突き抜けた、強かった
63%
16頭がギュッと固まる!いや15頭だ、1頭は[  ]! 前を走っている
54%
前王者か、現王者か!?[  ]2頭の追い比べに変わる直線! 青い帽子
45%
勝ったのは13番、ダイワスカーレット!!!37年ぶり![  ]が今開かれた! 夢の扉
45%
No matching quizzes found
Score Distribution
Percent of People with Each Score
Percentile by Number Answered
Your Score History
You have not taken this quiz